Capoluoghi di Provincia di 5 Lettere - Statistics

Statistiche generali
  • Questo quiz è stato fatto 86 volte
  • Il punteggio medio è 14 su 17
Statistiche sulle risposte
Lettera iniziale Capoluogo di Regione % Corretto
L Lucca
93%
U Udine
93%
T Terni
91%
L Lecce
89%
C Cuneo
88%
F Forlì
88%
M Monza
86%
T Trani
84%
N Nuoro
82%
P Prato
82%
F Fermo
81%
A Aosta
79%
L Lecco
79%
P Parma
79%
S Siena
79%
M Massa
72%
P Pavia
70%
Nessun quiz corrispondente trovato
Distribuzione punteggi
Percentuale di utenti per punteggio
Percentile per numero di risposta
I tuoi punteggi nel tempo
Non hai fatto questo quiz